000
00264 a2200109 4500
001
40436
082
_a
515.15 YUS
090
_c
25034
_d
25034
100
_a
Yusuf S M
245
_a
Calculus with Analytic Geometry
_c
SM Yousuf
260
_a
Lahore
_b
Ilmi Kitab Khana
942
_a
NUST-CAE
_k
515.15 YUS
999
_c
275509
_d
275509